000 00592nam a2200229Ia 4500
003 OSt
005 20220924144847.0
006 a|||||r|||| 00| 0
007 ta
008 220923b |||||||| |||| 00| 0 per d
024 _a322773
037 _cTextual
040 _aARTS
_cARTS
_bper
041 _2per
_aper
082 _aV291w, 164C2
100 _aPuri Aurengzeb Au.
_9218571
245 0 _aDastan Turktazan-e-Hind
260 _c1892
650 _aANDAMAN - HISTORY
_934334
942 _hV291w, 164C2
_cTEXL
_2CC
999 _c458479
_d458479